| 000 | 00613nam a2200205 u 4500 | ||
|---|---|---|---|
| 005 | 20210223131323.0 | ||
| 008 | 100622s2003 mx r 000 0 spa d | ||
| 020 | _a9706665552 | ||
| 035 | _aUPN01000176807 | ||
| 049 | _aCG | ||
| 050 | 4 |
_aPR5818 _bL2.2 |
|
| 100 | 1 |
_aWilde, Oscar, _d1854-1900 _928364 |
|
| 245 | 1 | 3 |
_aEl abanico de Lady Windermere / _cOscar Wilde ; tr. Consuelo Rutiaga. |
| 260 |
_aMéxico : _bTomo, _c2003. |
||
| 300 | _a153 p. | ||
| 534 |
_pTraducción de: _tLady Windermere's fan |
||
| 650 | 4 |
_aTEATRO INGLES _917427 |
|
| 650 | 4 |
_aTEATRO - _vARGUMENTOS, TRAMAS, ETC. _913666 |
|
| 905 | _aLibro | ||
| 999 |
_c148910 _d148910 |
||